Dead air / (Record no. 5509)
[ view plain ]
| 000 -LEADER | |
|---|---|
| fixed length control field | 00987cam a2200313 a 4500 |
| 001 - CONTROL NUMBER | |
| control field | 23463589 |
| 003 - CONTROL NUMBER IDENTIFIER | |
| control field | OCoLC |
| 005 - DATE AND TIME OF LATEST TRANSACTION | |
| control field | 20190104164611.0 |
| 008 - FIXED-LENGTH DATA ELEMENTS--GENERAL INFORMATION | |
| fixed length control field | 910320s1991 tnu 000 1 eng |
| 010 ## - LIBRARY OF CONGRESS CONTROL NUMBER | |
| LC control number | 91014283 |
| 020 ## - INTERNATIONAL STANDARD BOOK NUMBER | |
| International Standard Book Number | 0840776381 |
| 020 ## - INTERNATIONAL STANDARD BOOK NUMBER | |
| International Standard Book Number | 9780840776389 |
| 035 ## - SYSTEM CONTROL NUMBER | |
| System control number | (OCoLC)23463589 |
| 040 ## - CATALOGING SOURCE | |
| Original cataloging agency | DLC |
| Transcribing agency | DLC |
| Modifying agency | OCL |
| -- | OCLCQ |
| -- | BTCTA |
| -- | BAKER |
| -- | YDXCP |
| -- | OCLCG |
| -- | WPB |
| -- | O2H |
| 050 00 - LIBRARY OF CONGRESS CALL NUMBER | |
| Classification number | PS3562.A747 |
| Item number | D4 1991 |
| 082 00 - DEWEY DECIMAL CLASSIFICATION NUMBER | |
| Classification number | 813.54 |
| Edition number | 20 |
| Item number | L334N |
| 100 1# - MAIN ENTRY--PERSONAL NAME | |
| Personal name | Larson, Bob, |
| Dates associated with a name | 1944- |
| 245 10 - TITLE STATEMENT | |
| Title | Dead air / |
| Statement of responsibility, etc. | Bob Larson. |
| 260 ## - PUBLICATION, DISTRIBUTION, ETC. | |
| Place of publication, distribution, etc. | Nashville : |
| Name of publisher, distributor, etc. | T. Nelson, |
| Date of publication, distribution, etc. | c1991. |
| 300 ## - PHYSICAL DESCRIPTION | |
| Extent | 350 p. ; |
| Dimensions | 22 cm. |
| 500 ## - GENERAL NOTE | |
| General note | "A Janet Thoma book." |
| 520 0# - SUMMARY, ETC. | |
| Summary, etc. | A young girl, kidnapped by a secret cult, calls radio talk show host Wes Bryant in a desperate plea for help. |
| 650 #0 - SUBJECT ADDED ENTRY--TOPICAL TERM | |
| Topical term or geographic name entry element | Ritualism |
| Form subdivision | Fiction. |
| 650 #0 - SUBJECT ADDED ENTRY--TOPICAL TERM | |
| Topical term or geographic name entry element | Child abuse |
| Form subdivision | Fiction. |
| 650 #0 - SUBJECT ADDED ENTRY--TOPICAL TERM | |
| Topical term or geographic name entry element | Kidnapping |
| Form subdivision | Fiction. |
| 650 #0 - SUBJECT ADDED ENTRY--TOPICAL TERM | |
| Topical term or geographic name entry element | Detective and mystery stories. |
| Source of heading or term | gsafd |
| 655 #7 - INDEX TERM--GENRE/FORM | |
| Genre/form data or focus term | Mystery fiction. |
| Source of term | gsafd |
| 942 ## - ADDED ENTRY ELEMENTS (KOHA) | |
| Source of classification or shelving scheme | Dewey Decimal Classification |
| Koha item type | Books |
| Withdrawn status | Lost status | Source of classification or shelving scheme | Damaged status | Not for loan | Collection code | Home library | Current library | Shelving location | Date acquired | Cost, normal purchase price | Total Checkouts | Full call number | Barcode | Date last seen | Price effective from | Koha item type |
|---|---|---|---|---|---|---|---|---|---|---|---|---|---|---|---|---|
| Dewey Decimal Classification | Non-fiction | Harvest Mission College | Harvest Mission College | General Stacks | 04.01.2019 | 1350.00 | 813.54 L334N | 006282 | 04.01.2019 | 04.01.2019 | Books |
